[Event "V Torneo Banco di Roma B"]
[Site "Roma ITA"]
[Date "1981.02.??"]
[Round "1"]
[White "Filipowicz, Andrzej"]
[Black "Tassi, Oliviero"]
[Result "1-0"]
[WhiteElo "2375"]
[BlackElo "2225"]
[PlyCount "71"]
[EventDate "1981.02.07"]

1. Nf3 Nf6 2. g3 d5 3. c4 c6 4. Bg2 Nbd7 5. cxd5 cxd5 6. d4 e6 7. O-O Bd6 8.
Nc3 a6 9. e4 Nxe4 10. Nxe4 dxe4 11. Ng5 Nf6 12. Nxe4 Nxe4 13. Bxe4 O-O 14. Qf3
Qb6 15. Rd1 f5 16. Bc2 Kh8 17. Bb3 Bd7 18. Be3 Qb5 19. Bf4 Bxf4 20. Qxf4 Rae8
21. Re1 a5 22. Qd6 Rd8 23. Qc5 Qa6 24. Re5 a4 25. Bc4 b5 26. Bf1 f4 27. Rae1
fxg3 28. hxg3 Rc8 29. Qe7 Qa7 30. Rc5 Rce8 31. Qd6 Qa5 32. Re4 Rf7 33. Rf4 Rxf4
34. Qxf4 Qb4 35. Qd6 Bc8 36. Rxc8 1-0

[Event "V Torneo Banco di Roma B"]
[Site "Roma ITA"]
[Date "1981.02.??"]
[Round "1"]
[White "Lobron, Eric"]
[Black "Passerotti, Pierluigi"]
[Result "1-0"]
[WhiteElo "2405"]
[BlackElo "2335"]
[PlyCount "75"]
[EventDate "1981.02.07"]

1. e4 e5 2. Nf3 Nc6 3. Bb5 a6 4. Ba4 Nf6 5. O-O Nxe4 6. d4 b5 7. Bb3 d5 8. dxe5
Be6 9. c3 Be7 10. Nbd2 O-O 11. Bc2 f5 12. Nb3 Qd7 13. Nbd4 Nd8 14. Bb3 Bf7 15.
e6 Nxe6 16. Ne5 Qd6 17. Nxf7 Kxf7 18. Nxf5 Qd7 19. Qxd5 Nf6 20. Qxd7 Nxd7 21.
Re1 Ndc5 22. Bd5 Rae8 23. b4 Bf6 24. bxc5 Bxc3 25. Rxe6 Rxe6 26. Rb1 Rd8 27.
Bxe6+ Kxe6 28. Ne3 Kd7 29. Nd5 Ba5 30. Be3 Re8 31. a3 Kc6 32. Nb4+ Bxb4 33.
axb4 Re4 34. Kf1 a5 35. bxa5 Ra4 36. Bd2 Kxc5 37. Rc1+ Kd6 38. Be3 1-0

[Event "V Torneo Banco di Roma B"]
[Site "Roma ITA"]
[Date "1981.02.??"]
[Round "1"]
[White "Medina Garcia, Antonio Angel"]
[Black "Hoi, Carsten"]
[Result "0-1"]
[WhiteElo "2365"]
[BlackElo "2425"]
[PlyCount "84"]
[EventDate "1981.02.07"]

1. e4 d6 2. Nc3 Nf6 3. g3 g6 4. Bg2 Bg7 5. d3 O-O 6. f4 c6 7. Nf3 Qb6 8. Qe2
Bg4 9. Nd1 Nbd7 10. Be3 Qa5+ 11. Bd2 Qa4 12. Ne3 e5 13. fxe5 Nxe5 14. Nxg4
Nfxg4 15. Nxe5 Nxe5 16. Bc3 b5 17. O-O b4 18. b3 Qb5 19. Bd2 a5 20. Rae1 c5 21.
Bg5 Ra7 22. h4 h5 23. Bh3 a4 24. Bf6 Bxf6 25. Rxf6 Qb6 26. Qf2 axb3 27. axb3
Rfa8 28. Qe3 Ra1 29. Ref1 Rxf1+ 30. Rxf1 Ra2 31. Rf2 Qd8 32. Kg2 Nc6 33. Qf4
Qe7 34. g4 hxg4 35. Bxg4 Ne5 36. Bh3 Kg7 37. Qg3 Nc6 38. Bg4 Nd4 39. Bd1 Ra1
40. Qg4 Qe6 41. Rd2 Qxg4+ 42. Bxg4 Ra2 0-1

[Event "V Torneo Banco di Roma B"]
[Site "Roma ITA"]
[Date "1981.02.??"]
[Round "1"]
[White "Popov, Luben Stojanov"]
[Black "Iannaccone, Ernesto"]
[Result "1/2-1/2"]
[WhiteElo "2465"]
[BlackElo "2265"]
[PlyCount "67"]
[EventDate "1981.02.07"]

1. c4 Nf6 2. Nc3 c5 3. Nf3 e6 4. g3 b6 5. Bg2 Bb7 6. O-O Be7 7. d4 cxd4 8. Qxd4
d6 9. b3 a6 10. Bb2 O-O 11. e4 Nbd7 12. Qe3 Qc7 13. Nd4 Rfe8 14. Rae1 Bf8 15.
Qd2 g6 16. Kh1 Bg7 17. Ba1 Nc5 18. Nc2 Qb8 19. b4 Ncd7 20. f4 Rc8 21. Qd3 Qc7
22. Ne3 Rd8 23. Rd1 Ne8 24. Rc1 Rac8 25. h4 Nef6 26. Rfd1 Qb8 27. Rc2 Qa8 28.
Rcd2 b5 29. Qb1 Qa7 30. Qd3 Qa8 31. Qb1 Qa7 32. c5 dxc5 33. e5 Nh5 34. Kh2
1/2-1/2

[Event "V Torneo Banco di Roma B"]
[Site "Roma ITA"]
[Date "1981.02.??"]
[Round "2"]
[White "Filipowicz, Andrzej"]
[Black "Lobron, Eric"]
[Result "0-1"]
[WhiteElo "2375"]
[BlackElo "2405"]
[PlyCount "118"]
[EventDate "1981.02.07"]

1. Nf3 Nf6 2. g3 g6 3. b3 Bg7 4. Bb2 O-O 5. Bg2 d6 6. O-O e5 7. c4 c5 8. Nc3
Nc6 9. e3 Re8 10. d4 e4 11. Ng5 Bf5 12. dxc5 dxc5 13. Nb5 h6 14. Nh3 Qb6 15.
Nf4 Rad8 16. Qe2 g5 17. Bxf6 Bxf6 18. Nd5 Rxd5 19. cxd5 Ne5 20. Na3 Nf3+ 21.
Bxf3 exf3 22. Qxf3 Be4 23. Qd1 Bxa1 24. f3 Bd3 25. Qxd3 Rxe3 26. Qd2 Bc3 27.
Qg2 Rd3 28. Nc4 Qf6 29. f4 Qd4+ 30. Kh1 Rd1 31. d6 b5 32. Ne3 Rxf1+ 33. Nxf1
Qxd6 34. fxg5 hxg5 35. Qe4 Qd4 36. Qa8+ Kg7 37. Kg2 Qd3 38. Qf3 Qc2+ 39. Kh3
Bd4 40. g4 Qh7+ 41. Kg2 Qc2+ 42. Kh3 Qc3 43. Qxc3 Bxc3 44. Ne3 Be5 45. Nd5 f6
46. Kg2 Kf7 47. Kf3 Ke6 48. Ke4 Bxh2 49. Nc3 a6 50. a4 bxa4 51. bxa4 Be5 52.
Nd5 c4 53. Nb4 a5 54. Nc6 Bc3 55. Na7 Be5 56. Nc6 Kd6 57. Nxa5 Kc5 58. Nb7+ Kb6
59. Nd8 Ka5 0-1

[Event "V Torneo Banco di Roma B"]
[Site "Roma ITA"]
[Date "1981.02.??"]
[Round "2"]
[White "Iannaccone, Ernesto"]
[Black "De Eccher, Stefano"]
[Result "1-0"]
[WhiteElo "2265"]
[BlackElo "2345"]
[PlyCount "31"]
[EventDate "1981.02.07"]

1. Nf3 Nf6 2. c4 e6 3. d4 b6 4. g3 Ba6 5. b3 Bb4+ 6. Bd2 Be7 7. Bg2 c6 8. O-O
d5 9. Bc3 O-O 10. Nbd2 b5 11. Qc2 Nbd7 12. c5 b4 13. Bxb4 Qb8 14. Bc3 Bxe2 15.
Rfe1 Qb5 16. Rxe2 1-0

[Event "V Torneo Banco di Roma B"]
[Site "Roma ITA"]
[Date "1981.02.??"]
[Round "2"]
[White "Passerotti, Pierluigi"]
[Black "Popov, Luben Stojanov"]
[Result "1/2-1/2"]
[WhiteElo "2335"]
[BlackElo "2465"]
[PlyCount "116"]
[EventDate "1981.02.07"]

1. e4 c5 2. c4 Nc6 3. Nc3 g6 4. g3 Bg7 5. Bg2 d6 6. Nge2 e6 7. d3 Nge7 8. Be3
Nd4 9. O-O Nec6 10. Qd2 h6 11. Rab1 a6 12. a3 Qa5 13. Qc1 Nb3 14. Qd1 Ncd4 15.
Nxd4 Nxd4 16. Qc1 Rb8 17. b4 Qc7 18. bxc5 Qxc5 19. Re1 Bd7 20. Ne2 Bc6 21. Nxd4
Bxd4 22. Re2 Bxe3 23. fxe3 e5 24. Qc3 Bd7 25. d4 Qc7 26. Reb2 O-O 27. Rb6 Bb5
28. Qa5 Qxc4 29. Rxd6 Rbc8 30. Qd2 Qa4 31. dxe5 Rc2 32. Qb4 Qxb4 33. Rxb4 Re8
34. e6 fxe6 35. e5 g5 36. Rbd4 b6 37. Rd8 Rc3 38. Rxe8+ Bxe8 39. Rd6 Kf7 40.
Rxb6 Rxa3 41. Rb7+ Kf8 42. Rb8 Ke7 43. Rb7+ Kd8 44. Rb8+ Kd7 45. Bh3 Rxe3 46.
Bxe6+ Kxe6 47. Rxe8+ Kf5 48. Ra8 Ra3 49. Rh8 Ra1+ 50. Kg2 Ra2+ 51. Kg1 Ra1+ 52.
Kg2 Ra2+ 53. Kg1 Kxe5 54. Rxh6 Kf5 55. h4 g4 56. Rh8 Ra1+ 57. Kg2 Ra2+ 58. Kg1
Ra1+ 1/2-1/2

[Event "V Torneo Banco di Roma B"]
[Site "Roma ITA"]
[Date "1981.02.??"]
[Round "2"]
[White "Tassi, Oliviero"]
[Black "Hoi, Carsten"]
[Result "0-1"]
[WhiteElo "2225"]
[BlackElo "2425"]
[PlyCount "56"]
[EventDate "1981.02.07"]

1. c4 Nf6 2. Nc3 g6 3. g3 Bg7 4. Bg2 O-O 5. e4 d6 6. Nge2 e5 7. O-O Nc6 8. d3
Nh5 9. h3 f5 10. exf5 gxf5 11. Nd5 f4 12. gxf4 Qh4 13. f5 Bxf5 14. Ng3 Nxg3 15.
fxg3 Qxg3 16. Rf3 Qh4 17. Nxc7 Rac8 18. Nb5 Be6 19. Be3 e4 20. Bf2 Qh6 21. dxe4
Ne5 22. Rxf8+ Rxf8 23. Qxd6 Nxc4 24. Qg3 Kh8 25. Bd4 Rg8 26. Qc3 Qg5 27. e5 Bd5
28. Qc2 Bxe5 0-1

[Event "V Torneo Banco di Roma B"]
[Site "Roma ITA"]
[Date "1981.02.??"]
[Round "3"]
[White "De Eccher, Stefano"]
[Black "Passerotti, Pierluigi"]
[Result "0-1"]
[WhiteElo "2345"]
[BlackElo "2335"]
[PlyCount "28"]
[EventDate "1981.02.07"]

1. c4 e6 2. Nf3 d5 3. b3 d4 4. e3 Nc6 5. Bb2 e5 6. exd4 exd4 7. d3 Nh6 8. g3
Bb4+ 9. Nbd2 O-O 10. a3 Re8+ 11. Be2 Bxd2+ 12. Qxd2 Bg4 13. O-O Qf6 14. Kg2
Rxe2 0-1

[Event "V Torneo Banco di Roma B"]
[Site "Roma ITA"]
[Date "1981.02.??"]
[Round "3"]
[White "Lobron, Eric"]
[Black "Tassi, Oliviero"]
[Result "1-0"]
[WhiteElo "2405"]
[BlackElo "2225"]
[PlyCount "45"]
[EventDate "1981.02.07"]

1. e4 c5 2. Nf3 d6 3. d4 cxd4 4. Nxd4 Nf6 5. Nc3 a6 6. Be3 e5 7. Nb3 Be6 8. Qd2
Nbd7 9. f3 Be7 10. g4 Nb6 11. O-O-O Rc8 12. Kb1 O-O 13. h4 Nfd7 14. g5 Nc4 15.
Bxc4 Rxc4 16. h5 b5 17. Rdg1 b4 18. Nd5 Bxd5 19. Qxd5 Qc7 20. Rg2 Bd8 21. Na5
Rc5 22. Bxc5 dxc5 23. Nc4 1-0

[Event "V Torneo Banco di Roma B"]
[Site "Roma ITA"]
[Date "1981.02.??"]
[Round "3"]
[White "Medina Garcia, Antonio Angel"]
[Black "Iannaccone, Ernesto"]
[Result "1-0"]
[WhiteElo "2365"]
[BlackElo "2265"]
[PlyCount "141"]
[EventDate "1981.02.07"]

1. e4 e5 2. Nf3 Nc6 3. Bb5 a6 4. Ba4 Nf6 5. O-O Be7 6. Re1 b5 7. Bb3 O-O 8. d3
d6 9. c3 Na5 10. Bc2 c5 11. Nbd2 Nc6 12. Nf1 Re8 13. a4 Bb7 14. Bg5 h6 15. Bh4
Ng4 16. Bg3 Nf6 17. Ne3 g6 18. Bb3 Nh5 19. Nd5 Nxg3 20. fxg3 Na5 21. Ba2 c4 22.
dxc4 bxc4 23. Rf1 Rf8 24. h4 Rb8 25. Rf2 Kg7 26. Qd2 Bc8 27. Rd1 Be6 28. Nxe7
Qxe7 29. Qxd6 Qxd6 30. Rxd6 Rfd8 31. Rxa6 Rd1+ 32. Kh2 Nb3 33. Bxb3 cxb3 34.
Nxe5 Rc1 35. Nc6 Rc2 36. Rf3 Re8 37. Nd4 Rxb2 38. Nxe6+ Rxe6 39. Rxe6 fxe6 40.
c4 Ra2 41. Rxb3 Rxa4 42. Rc3 Kf6 43. c5 Ra7 44. c6 Rc7 45. Rc5 e5 46. Kh3 Ke6
47. Kg4 Kd6 48. Rc2 Ke6 49. h5 g5 50. Rc3 Kf6 51. Rf3+ Kg7 52. Kf5 Rxc6 53.
Kxe5 Rc8 54. Kd6 Ra8 55. e5 Ra6+ 56. Kd7 Ra7+ 57. Ke6 Ra2 58. Rf7+ Kg8 59. Rf6
Kh7 60. Kf7 Ra7+ 61. Kf8 Ra8+ 62. Ke7 Ra7+ 63. Kd6 Ra6+ 64. Kd5 Ra5+ 65. Ke4
Ra2 66. e6 Re2+ 67. Kd5 Kg7 68. Rf7+ Kg8 69. Rf5 Rd2+ 70. Ke5 Rxg2 71. e7 1-0

[Event "V Torneo Banco di Roma B"]
[Site "Roma ITA"]
[Date "1981.02.??"]
[Round "3"]
[White "Popov, Luben Stojanov"]
[Black "Filipowicz, Andrzej"]
[Result "1/2-1/2"]
[WhiteElo "2465"]
[BlackElo "2375"]
[PlyCount "61"]
[EventDate "1981.02.07"]

1. d4 Nf6 2. c4 c5 3. d5 d6 4. Nc3 g6 5. e4 Bg7 6. Bd3 O-O 7. Nge2 e6 8. O-O
exd5 9. cxd5 Na6 10. Bg5 h6 11. Bf4 Nc7 12. f3 g5 13. Be3 b5 14. a3 Qe8 15. Bf2
a5 16. Bg3 Qd7 17. f4 Ng4 18. Qd2 b4 19. Nd1 Qe7 20. e5 dxe5 21. d6 Qd7 22.
fxg5 hxg5 23. Be4 Ra6 24. Qxg5 Qxd6 25. h3 Qh6 26. Qe7 Nf6 27. Rxf6 Rxf6 28.
Qxc7 Ba6 29. Bxe5 Bxe2 30. Bxf6 Qxf6 31. Nf2 1/2-1/2

[Event "V Torneo Banco di Roma B"]
[Site "Roma ITA"]
[Date "1981.02.??"]
[Round "4"]
[White "Filipowicz, Andrzej"]
[Black "De Eccher, Stefano"]
[Result "1-0"]
[WhiteElo "2375"]
[BlackElo "2345"]
[PlyCount "53"]
[EventDate "1981.02.07"]

1. g3 Nf6 2. Bg2 e6 3. c4 d5 4. Nf3 c5 5. O-O Nc6 6. cxd5 Nxd5 7. d4 Be7 8.
dxc5 O-O 9. a3 Bxc5 10. Qc2 Qe7 11. e4 Nf6 12. e5 Ng4 13. b4 Bb6 14. Bb2 f6 15.
exf6 gxf6 16. h3 Nge5 17. Nxe5 fxe5 18. Nd2 Bd7 19. Qe4 Qf6 20. Nf3 Nd4 21.
Nxe5 Bb5 22. Bxd4 Bxf1 23. Qg4+ Qg7 24. Qxe6+ Rf7 25. Nxf7 Bxd4 26. Nd6+ Kh8
27. Rxf1 1-0

[Event "V Torneo Banco di Roma B"]
[Site "Roma ITA"]
[Date "1981.02.??"]
[Round "4"]
[White "Iannaccone, Ernesto"]
[Black "Hoi, Carsten"]
[Result "1-0"]
[WhiteElo "2265"]
[BlackElo "2425"]
[PlyCount "81"]
[EventDate "1981.02.07"]

1. Nf3 Nf6 2. c4 g6 3. Nc3 Bg7 4. d4 O-O 5. e4 d6 6. Be2 Bg4 7. O-O Nfd7 8. Be3
e5 9. d5 a5 10. Ne1 Bxe2 11. Qxe2 Na6 12. Nd3 f5 13. f3 f4 14. Bf2 g5 15. a3
Rf6 16. b4 Rg6 17. c5 g4 18. fxg4 Qg5 19. c6 bxc6 20. dxc6 Nf6 21. h4 Qxg4 22.
Qxg4 Rxg4 23. b5 f3 24. g3 Nxe4 25. Nxe4 Rxe4 26. bxa6 Rxa6 27. Rfc1 Ra4 28.
Rab1 Ra8 29. Rb7 Rc8 30. Nb2 Rxa3 31. Nc4 Bh6 32. Rc2 Ra1+ 33. Kh2 e4 34. Nxd6
cxd6 35. c7 Kf7 36. Rb8 Rxc7 37. Rxc7+ Ke6 38. Rc2 a4 39. Rb4 Kf5 40. g4+ Kxg4
41. Rxe4+ 1-0

[Event "V Torneo Banco di Roma B"]
[Site "Roma ITA"]
[Date "1981.02.??"]
[Round "4"]
[White "Lobron, Eric"]
[Black "Popov, Luben Stojanov"]
[Result "0-1"]
[WhiteElo "2405"]
[BlackElo "2465"]
[PlyCount "68"]
[EventDate "1981.02.07"]

1. Nf3 c5 2. g3 Nc6 3. Bg2 g6 4. O-O Bg7 5. c4 e6 6. Nc3 Nge7 7. d3 O-O 8. Bf4
e5 9. Bd2 h6 10. a3 d6 11. Rb1 Be6 12. b4 cxb4 13. axb4 d5 14. cxd5 Nxd5 15.
Ne4 b6 16. Qa4 Nd4 17. Nxd4 exd4 18. Rfc1 Qe7 19. f4 f5 20. Nf2 Rac8 21. b5 Bf7
22. Bf3 Rxc1+ 23. Rxc1 Nc3 24. Bxc3 dxc3 25. e4 Qc5 26. e5 Qe3 27. Qd1 g5 28.
fxg5 Bxe5 29. g6 Bxg6 30. Bd5+ Kh8 31. Rc2 Bd4 32. Re2 Bh5 33. Rxe3 Bxd1 34.
Re6 c2 0-1

[Event "V Torneo Banco di Roma B"]
[Site "Roma ITA"]
[Date "1981.02.??"]
[Round "4"]
[White "Passerotti, Pierluigi"]
[Black "Medina Garcia, Antonio Angel"]
[Result "1/2-1/2"]
[WhiteElo "2335"]
[BlackElo "2365"]
[PlyCount "57"]
[EventDate "1981.02.07"]

1. e4 e5 2. Nf3 Nc6 3. Bb5 a6 4. Bxc6 dxc6 5. O-O Qd6 6. d3 f6 7. Be3 c5 8. a4
Be6 9. Na3 O-O-O 10. Nd2 Qd7 11. Nac4 Bd6 12. Qb1 Ne7 13. f4 exf4 14. Nxd6+
Qxd6 15. Bxf4 Qd4+ 16. Kh1 Nc6 17. Nf3 Qd7 18. Qe1 a5 19. b3 b6 20. Qf2 Rhf8
21. Rae1 h6 22. Bd2 g5 23. Bc3 Rde8 24. Re3 f5 25. exf5 Rxf5 26. Qe2 Bf7 27.
Rxe8+ Bxe8 28. Nd2 Rxf1+ 29. Nxf1 1/2-1/2

[Event "V Torneo Banco di Roma B"]
[Site "Roma ITA"]
[Date "1981.02.??"]
[Round "5"]
[White "De Eccher, Stefano"]
[Black "Lobron, Eric"]
[Result "0-1"]
[WhiteElo "2345"]
[BlackElo "2405"]
[PlyCount "58"]
[EventDate "1981.02.07"]

1. c4 Nf6 2. Nc3 g6 3. g3 Bg7 4. Bg2 O-O 5. e4 d6 6. Nge2 c6 7. O-O e5 8. d3 a6
9. b4 b5 10. a4 bxc4 11. dxc4 Be6 12. Qd3 Ne8 13. Be3 Nd7 14. Rfd1 Nb6 15. c5
Nc4 16. Rab1 Nxe3 17. fxe3 Bh6 18. b5 axb5 19. axb5 cxb5 20. Nxb5 Nf6 21. Qxd6
Bxe3+ 22. Kf1 Qa5 23. Qc7 Qa4 24. Qxe5 Ng4 25. Qc3 Nxh2+ 26. Ke1 Ng4 27. Rd6
Rfb8 28. Ned4 Qa2 29. Qb2 Bf2+ 0-1

[Event "V Torneo Banco di Roma B"]
[Site "Roma ITA"]
[Date "1981.02.??"]
[Round "5"]
[White "Hoi, Carsten"]
[Black "Passerotti, Pierluigi"]
[Result "1/2-1/2"]
[WhiteElo "2425"]
[BlackElo "2335"]
[PlyCount "34"]
[EventDate "1981.02.07"]

1. Nf3 d5 2. d4 Nf6 3. c4 e6 4. Nc3 Be7 5. Bg5 Nbd7 6. e3 O-O 7. Bd3 dxc4 8.
Bxc4 a6 9. a4 c5 10. O-O Nb6 11. Bb3 cxd4 12. Qxd4 Qxd4 13. Nxd4 Bd7 14. Rfd1
Rac8 15. Nf3 Rfd8 16. Ne5 Be8 17. e4 Kf8 1/2-1/2

[Event "V Torneo Banco di Roma B"]
[Site "Roma ITA"]
[Date "1981.02.??"]
[Round "5"]
[White "Medina Garcia, Antonio Angel"]
[Black "Filipowicz, Andrzej"]
[Result "1/2-1/2"]
[WhiteElo "2365"]
[BlackElo "2375"]
[PlyCount "56"]
[EventDate "1981.02.07"]

1. e4 c5 2. Nf3 e6 3. d4 cxd4 4. Nxd4 a6 5. Nc3 Qc7 6. g3 Nc6 7. Bg2 d6 8. O-O
Nxd4 9. Qxd4 Ne7 10. b3 Nc6 11. Qd2 Be7 12. Bb2 O-O 13. Nd1 b5 14. Ne3 Bb7 15.
Rac1 Qa5 16. Bc3 Qb6 17. Rfd1 a5 18. Qe2 a4 19. Qg4 Ne5 20. Qh5 Bf6 21. Bb4
Rfd8 22. Rd2 axb3 23. cxb3 g6 24. Qd1 Bg5 25. Rc3 Bf6 26. Rcc2 Bg5 27. Rc3 Bf6
28. Rcc2 Bg5 1/2-1/2

[Event "V Torneo Banco di Roma B"]
[Site "Roma ITA"]
[Date "1981.02.??"]
[Round "5"]
[White "Popov, Luben Stojanov"]
[Black "Tassi, Oliviero"]
[Result "1-0"]
[WhiteElo "2465"]
[BlackElo "2225"]
[PlyCount "83"]
[EventDate "1981.02.07"]

1. d4 Nf6 2. c4 c5 3. d5 b5 4. cxb5 a6 5. e3 g6 6. Nc3 Bg7 7. a4 O-O 8. e4 Bb7
9. Bc4 axb5 10. Bxb5 e6 11. Nge2 Na6 12. O-O h6 13. Bf4 exd5 14. exd5 Re8 15.
Qd2 g5 16. Bg3 Nb4 17. d6 Ng4 18. h3 Ne5 19. f4 gxf4 20. Qxf4 Re6 21. Rad1 Rg6
22. Rf2 Qe8 23. Qe3 Rc8 24. Nf4 Nc2 25. Rxc2 Nf3+ 26. Kf2 Qxe3+ 27. Kxe3 Rxg3
28. Kf2 Nd4 29. Kxg3 Nxc2 30. Nfd5 Be5+ 31. Kh4 Kh8 32. Rf1 Rg8 33. Rxf7 Rg5
34. g4 Ne1 35. Bf1 Bxd6 36. Rf6 Nf3+ 37. Rxf3 Bxd5 38. Nxd5 Rxd5 39. Rd3 Rxd3
40. Bxd3 Bc7 41. Bc4 Kg7 42. Kh5 1-0

[Event "V Torneo Banco di Roma B"]
[Site "Roma ITA"]
[Date "1981.02.??"]
[Round "6"]
[White "Filipowicz, Andrzej"]
[Black "Hoi, Carsten"]
[Result "1-0"]
[WhiteElo "2375"]
[BlackElo "2425"]
[PlyCount "81"]
[EventDate "1981.02.07"]

1. e4 d6 2. d4 Nf6 3. Nc3 g6 4. f4 Bg7 5. Nf3 O-O 6. Be2 c5 7. dxc5 Qa5 8. O-O
Qxc5+ 9. Kh1 Nbd7 10. Bd3 a6 11. a4 b6 12. Qe1 e5 13. Qh4 Bb7 14. fxe5 dxe5 15.
Bg5 Rae8 16. Nd2 Nh5 17. Qg4 Qc7 18. Bc4 Nf4 19. Qh4 Nc5 20. b3 Kh8 21. Bf6 Qd6
22. Bxg7+ Kxg7 23. Rad1 f6 24. Bd5 Qc7 25. Nc4 Rd8 26. Bxb7 Qxb7 27. Rxd8 Rxd8
28. Nxe5 g5 29. Qg4 Kh8 30. Qf5 Rf8 31. Nc4 Nce6 32. Rd1 Qc7 33. Nd5 Nxd5 34.
Rxd5 Ng7 35. Qf3 b5 36. axb5 axb5 37. Rxb5 Ra8 38. Rd5 Qf4 39. Rd1 Ne6 40. Qxf4
Nxf4 41. e5 1-0

[Event "V Torneo Banco di Roma B"]
[Site "Roma ITA"]
[Date "1981.02.??"]
[Round "6"]
[White "Tassi, Oliviero"]
[Black "Iannaccone, Ernesto"]
[Result "1/2-1/2"]
[WhiteElo "2225"]
[BlackElo "2265"]
[PlyCount "80"]
[EventDate "1981.02.07"]

1. c4 Nf6 2. Nc3 e5 3. g3 d5 4. cxd5 Nxd5 5. Bg2 Nb6 6. Nf3 Nc6 7. O-O Be7 8.
d3 O-O 9. Be3 f5 10. b4 Bf6 11. Rc1 Kh8 12. a3 Nd4 13. Nd2 c6 14. Nb3 f4 15.
Bxd4 exd4 16. Ne4 Nd5 17. Rc4 Be5 18. b5 cxb5 19. Rc5 a6 20. Qa1 b6 21. Rxd5
Qxd5 22. Ned2 f3 23. Bxf3 Rxf3 24. Nxf3 Bb7 25. Nbd2 Rc8 26. Rc1 Rxc1+ 27. Qxc1
Bd6 28. Ne4 h6 29. Nh4 Kh7 30. Nf5 Qxf5 31. Nxd6 Qd5 32. Nxb7 Qxb7 33. e4 dxe3
34. fxe3 a5 35. Qb1 Qd5 36. d4+ g6 37. Kf2 b4 38. axb4 a4 39. Ke2 b5 40. Qc1 h5
1/2-1/2

[Event "V Torneo Banco di Roma B"]
[Site "Roma ITA"]
[Date "1981.02.??"]
[Round "7"]
[White "Hoi, Carsten"]
[Black "Lobron, Eric"]
[Result "1/2-1/2"]
[WhiteElo "2425"]
[BlackElo "2405"]
[PlyCount "83"]
[EventDate "1981.02.07"]

1. d4 Nf6 2. c4 c5 3. d5 e6 4. Nc3 exd5 5. cxd5 d6 6. e4 g6 7. Nf3 Bg7 8. Bg5
h6 9. Bh4 a6 10. Nd2 b5 11. Be2 O-O 12. Qc2 Nbd7 13. a4 bxa4 14. Rxa4 Nb6 15.
Ra1 Re8 16. O-O g5 17. Bg3 Nfxd5 18. Nxd5 Nxd5 19. exd5 Rxe2 20. Qd3 Qe7 21.
Nc4 Qe4 22. Qxe4 Rxe4 23. Nxd6 Rd4 24. Rfe1 Kh7 25. Ne8 Rd2 26. Nxg7 Kxg7 27.
Rad1 Rxd1 28. Rxd1 Bd7 29. f3 Ba4 30. Rd2 Kf6 31. Kf2 Ke7 32. h4 Kd7 33. Re2
Re8 34. Rxe8 Kxe8 35. Ke3 Ke7 36. hxg5 hxg5 37. Be5 f6 38. Bc3 f5 39. g4 fxg4
40. fxg4 Bd1 41. d6+ Ke6 42. d7 1/2-1/2

[Event "V Torneo Banco di Roma B"]
[Site "Roma ITA"]
[Date "1981.02.??"]
[Round "7"]
[White "Iannaccone, Ernesto"]
[Black "Passerotti, Pierluigi"]
[Result "1/2-1/2"]
[WhiteElo "2265"]
[BlackElo "2335"]
[PlyCount "114"]
[EventDate "1981.02.07"]

1. Nf3 d5 2. d4 Nf6 3. c4 e6 4. Nc3 Bb4 5. e3 O-O 6. Bd3 c5 7. O-O Nc6 8. a3
Bxc3 9. bxc3 Qc7 10. cxd5 exd5 11. h3 Re8 12. Bb2 c4 13. Bc2 Ne7 14. Nd2 Bf5
15. a4 Qd7 16. Ba3 Bxc2 17. Qxc2 Ng6 18. Rab1 Re6 19. Rb5 b6 20. Qf5 a6 21. Rb4
Rae8 22. Qf3 Nf8 23. Rfb1 Qc7 24. R4b2 N8d7 25. Re1 Ne4 26. Nxe4 Rxe4 27. Qf5
Qc6 28. Rbe2 g6 29. Qg5 R4e6 30. a5 Qa4 31. Bb4 bxa5 32. Bc5 Nxc5 33. dxc5 Qc6
34. Ra2 Re5 35. Qg3 Qxc5 36. Rea1 Qb6 37. Rxa5 Qb2 38. R1a3 R5e6 39. Qg5 Kg7
40. Qxd5 Rf6 41. Ra2 Qc1+ 42. Kh2 Qxc3 43. Rc5 Qd3 44. Qxc4 Qd6+ 45. g3 Re5 46.
Rxe5 Qxe5 47. Qd4 Qxd4 48. exd4 Kf8 49. Kg2 Ke7 50. f4 Rb6 51. Kf3 Kd6 52. Ra5
f5 53. g4 Rb3+ 54. Kg2 Rb5 55. Rxa6+ Kd5 56. Ra7 Ke4 57. gxf5 gxf5 1/2-1/2

[Event "V Torneo Banco di Roma B"]
[Site "Roma ITA"]
[Date "1981.02.??"]
[Round "7"]
[White "Medina Garcia, Antonio Angel"]
[Black "Popov, Luben Stojanov"]
[Result "1/2-1/2"]
[WhiteElo "2365"]
[BlackElo "2465"]
[PlyCount "126"]
[EventDate "1981.02.07"]

1. e4 c5 2. Nc3 Nc6 3. g3 g6 4. Bg2 Bg7 5. d3 d6 6. Nh3 e6 7. Be3 Nge7 8. O-O
h6 9. Qd2 Nd4 10. Kh1 Qa5 11. a3 Qd8 12. Rae1 Bd7 13. f4 f5 14. Nd1 Ndc6 15. e5
Qc7 16. Ng1 O-O 17. c3 Rfd8 18. Nf3 Be8 19. Qf2 b6 20. d4 cxd4 21. Nxd4 Nxd4
22. Bxd4 Bc6 23. exd6 Rxd6 24. Bxg7 Kxg7 25. Ne3 Rad8 26. Rd1 b5 27. Kg1 Qb6
28. Rxd6 Rxd6 29. Nc2 Qxf2+ 30. Rxf2 Bxg2 31. Kxg2 Nc6 32. Re2 Kf6 33. Kf2 g5
34. Nb4 Na5 35. Ke1 Nc4 36. h4 a5 37. Na2 gxh4 38. gxh4 e5 39. b3 exf4 40. bxc4
bxc4 41. Nc1 a4 42. Re8 Rb6 43. Kf2 Rb1 44. Ne2 Rh1 45. Nxf4 Rxh4 46. Ke3 Rh1
47. Re6+ Kf7 48. Ra6 h5 49. Rxa4 h4 50. Rxc4 h3 51. Rc7+ Kg8 52. Rc8+ Kg7 53.
Rc7+ Kg8 54. Kf2 h2 55. Rc8+ Kh7 56. Rc7+ Kh6 57. Kg3 Rf1 58. Rc6+ Kh7 59. Kxh2
Rxf4 60. Kg3 Ra4 61. c4 Kg7 62. Kf4 Kf7 63. Ke5 Rxa3 1/2-1/2

[Event "V Torneo Banco di Roma B"]
[Site "Roma ITA"]
[Date "1981.02.??"]
[Round "8"]
[White "Filipowicz, Andrzej"]
[Black "Iannaccone, Ernesto"]
[Result "1-0"]
[WhiteElo "2375"]
[BlackElo "2265"]
[PlyCount "95"]
[EventDate "1981.02.07"]

1. g3 Nf6 2. Bg2 d5 3. c4 e6 4. Nf3 Be7 5. O-O O-O 6. b3 b6 7. Bb2 Bb7 8. d4 c5
9. Nbd2 Nc6 10. cxd5 Nxd5 11. dxc5 Bxc5 12. Nc4 b5 13. Nce5 Nxe5 14. Nxe5 Qe7
15. e4 Nf6 16. Qe2 a6 17. a4 Rfb8 18. Nd3 Bb6 19. a5 Ba7 20. Ba3 Qe8 21. Bc5
Nd7 22. Bxa7 Rxa7 23. Rfc1 Qd8 24. Qe3 Raa8 25. Qd4 Rc8 26. b4 Rxc1+ 27. Rxc1
Rc8 28. Rc3 Rxc3 29. Qxc3 Kf8 30. f3 Qb8 31. Kf2 Qa7+ 32. Ke2 Ba8 33. Qc1 Ke7
34. Qg5+ Ke8 35. Qxg7 Qg1 36. Bh3 Qxh2+ 37. Nf2 Ke7 38. Qg5+ f6 39. Qg7+ Kd6
40. Qf7 f5 41. Qg8 Bc6 42. Qg5 fxe4 43. fxe4 e5 44. Qd2+ Ke7 45. Qg5+ Kd6 46.
Kf3 Qg1 47. Qh6+ Kc7 48. Bxd7 1-0

[Event "V Torneo Banco di Roma B"]
[Site "Roma ITA"]
[Date "1981.02.??"]
[Round "8"]
[White "Popov, Luben Stojanov"]
[Black "Hoi, Carsten"]
[Result "1-0"]
[WhiteElo "2465"]
[BlackElo "2425"]
[PlyCount "77"]
[EventDate "1981.02.07"]

1. d4 Nf6 2. c4 g6 3. Nc3 Bg7 4. e4 d6 5. Be2 O-O 6. Bg5 c5 7. d5 h6 8. Be3 e6
9. dxe6 Bxe6 10. h3 Nc6 11. Nf3 Qe7 12. O-O Rad8 13. Qd2 Kh7 14. Rfe1 Rfe8 15.
Bd3 Nd7 16. Nd5 Bxd5 17. exd5 Nce5 18. Nxe5 Nxe5 19. Bf1 Qh4 20. Rac1 Re7 21.
f4 Nd7 22. Bf2 Qf6 23. Rxe7 Qxe7 24. Re1 Qf6 25. b3 h5 26. g3 Nb6 27. g4 hxg4
28. hxg4 Rf8 29. Bd3 Nd7 30. g5 Qd8 31. Qe2 Qa5 32. Kg2 Qc3 33. Qf3 Bd4 34.
Bxd4 cxd4 35. Qh5+ Kg7 36. Qh6+ Kg8 37. Bxg6 Qd2+ 38. Kh3 Qc3+ 39. Kg4 1-0

[Event "V Torneo Banco di Roma B"]
[Site "Roma ITA"]
[Date "1981.02.??"]
[Round "8"]
[White "Tassi, Oliviero"]
[Black "Passerotti, Pierluigi"]
[Result "1/2-1/2"]
[WhiteElo "2225"]
[BlackElo "2335"]
[PlyCount "91"]
[EventDate "1981.02.07"]

1. c4 c6 2. Nf3 g6 3. Nc3 Bg7 4. e4 e5 5. d4 d6 6. dxe5 dxe5 7. Qxd8+ Kxd8 8.
Be3 Nd7 9. O-O-O Ke7 10. g4 Nh6 11. Rg1 f6 12. Be2 Nf7 13. h4 Nf8 14. g5 Ne6
15. Kc2 b6 16. b4 Bb7 17. h5 Nfxg5 18. Nxg5 fxg5 19. Bxg5+ Bf6 20. Bxf6+ Kxf6
21. Rd7 Bc8 22. Rd6 Ke7 23. c5 a5 24. a3 axb4 25. axb4 bxc5 26. bxc5 Nd4+ 27.
Kd2 Ra5 28. f4 Rxc5 29. fxe5 Nb3+ 30. Kc2 Rxe5 31. Rdd1 Be6 32. hxg6 hxg6 33.
Rxg6 Nc5 34. Ra1 Nxe4 35. Ra7+ Kd6 36. Nxe4+ Rxe4 37. Bd3 Rh2+ 38. Kc3 Re3 39.
Ra4 Rhh3 40. Rd4+ Kc5 41. Rg5+ Bd5 42. Rgg4 Rh2 43. Ra4 Re1 44. Ra5+ Kd6 45.
Rg6+ Ke5 46. Rg5+ 1/2-1/2